[Event "ch-RUS Blitz Women 2017"]
[Site "Sochi RUS"]
[Date "2017.10.02"]
[Round "6.11"]
[White "Gubernatorova, Lyudmila"]
[Black "Bykova, Anastasia"]
[Result "0-1"]
[BlackTitle "WFM"]
[WhiteElo "2200"]
[BlackElo "2234"]
[WhiteFideId "4123840"]
[BlackFideId "4164970"]
[EventDate "2017.10.02"]
[EventType "blitz"]

1. d4 d5 2. c4 c6 3. Nf3 Nf6 4. Nc3 dxc4 5. e4 b5 6. e5 Nd5 7. a4 b4 8. Ne4 e6
9. Bxc4 Be7 10. O-O O-O 11. Bg5 f6 12. exf6 gxf6 13. Bh6 Re8 14. Ne5 f5 15. Qh5
Rf8 16. Bxf8 Qxf8 17. Ng5 h6 18. Ngf7 Nf4 19. Qf3 Ng6 20. Nxg6 Qxf7 21. Nxe7+
Qxe7 22. Qxf5 Qf7 23. Qg4+ Kh8 24. Rae1 Qg7 25. Qh3 Na6 26. Bxe6 Bb7 27. Re5 0-1

[Event "ch-RUS Blitz Women 2017"]
[Site "Sochi RUS"]
[Date "2017.10.02"]
[Round "6.12"]
[White "Komiagina, Maria"]
[Black "Garifullina, Leya"]
[Result "0-1"]
[WhiteTitle "WIM"]
[BlackTitle "WCM"]
[WhiteElo "2234"]
[BlackElo "1936"]
[WhiteFideId "4153987"]
[BlackFideId "34127035"]
[EventDate "2017.10.02"]
[EventType "blitz"]

1. e4 e6 2. d4 d5 3. e5 c5 4. c3 Nc6 5. Nf3 Qb6 6. Be2 Nh6 7. a3 cxd4 8. cxd4
Nf5 9. O-O Nfxd4 10. Nxd4 Qxd4 11. Qc2 Qxe5 12. Bd3 Bd6 13. g3 Qf6 14. Be3 h6
15. Nd2 O-O 16. f4 Bd7 17. Bf2 Rac8 18. Qd1 Qxb2 19. Rb1 Qxa3 20. Nf3 b6 21. Be2
Bc5 22. Kh1 Bxf2 23. Rxf2 Qd6 24. Rf1 Rc7 25. Qd2 Rfc8 26. Bd3 Ne7 27. Ne5 Be8
28. Rbd1 f6 29. Nf3 Bf7 30. Bb1 b5 31. Nh4 b4 32. Qd3 f5 33. Nf3 a5 34. Ne5 Nc6
35. Rde1 Nxe5 36. fxe5 Qd7 37. g4 Rc3 38. Qe2 d4 39. gxf5 exf5 40. e6 Qd5+ 41.
Kg1 Be8 42. Rxf5 Qc4 43. Qe4 d3 44. Qe5 Qc5+ 45. Qxc5 R8xc5 46. Rxc5 Rxc5 47.
Bxd3 a4 48. e7 b3 49. Bf1 a3 50. Bh3 b2 51. Be6+ Kh7 52. Ba2 Rc1 53. Bb1+ Kg8
54. Kf1 Rxe1+ 55. Kxe1 Kf7 56. Kd2 Kxe7 57. Kc3 Bf7 58. Kd4 0-1

[Event "ch-RUS Blitz Women 2017"]
[Site "Sochi RUS"]
[Date "2017.10.02"]
[Round "7.1"]
[White "Goryachkina, Aleksandra"]
[Black "Voit, Daria"]
[Result "1-0"]
[WhiteTitle "WGM"]
[BlackTitle "FM"]
[WhiteElo "2478"]
[BlackElo "2387"]
[WhiteFideId "4147103"]
[BlackFideId "4182146"]
[EventDate "2017.10.02"]
[EventType "blitz"]

1. e4 c5 2. Nf3 d6 3. Bb5+ Nd7 4. a4 g6 5. O-O Bg7 6. a5 a6 7. Be2 Ngf6 8. Nc3
O-O 9. Re1 Nb8 10. e5 dxe5 11. Nxe5 Qc7 12. Nc4 Nc6 13. d3 Be6 14. Nb6 Rad8 15.
g3 Nxa5 16. Nca4 Nd5 17. Nxd5 Bxd5 18. Bf4 e5 19. Bg5 f6 20. Bd2 Nc6 21. c3 b6
22. Be3 Rb8 23. Bf3 Bxf3 24. Qxf3 Rfd8 25. Red1 a5 26. h4 Ne7 27. c4 Nf5 28. Nc3
Nd4 29. Bxd4 exd4 30. Nd5 Qd6 31. h5 Re8 32. hxg6 hxg6 33. Re1 Kf7 34. Kg2 Re5
35. Rxe5 Qxe5 36. Qg4 Qe6 37. Qf4 Qe5 38. Qd2 Qd6 39. Re1 Re8 40. Rxe8 Kxe8 41.
Qe2+ Kf7 42. Qg4 f5 43. Qf3 Bf8 44. Nf4 Be7 45. Qb7 Kg7 46. Nd5 Kf7 47. Nxb6 f4
48. Nd5 fxg3 49. fxg3 Qe6 50. Qxe7+ Qxe7 51. Nxe7 Kxe7 52. Kf3 a4 53. Kg4 Kf6
54. Kf4 Ke6 55. Kg5 Kf7 56. Kh6 Kf6 57. g4 Ke5 58. Kg5 Ke6 59. Kxg6 Ke5 60. Kg5
Ke6 61. Kf4 Kf6 62. g5+ Kg6 63. Kg4 Kg7 64. Kf5 1-0

[Event "ch-RUS Blitz Women 2017"]
[Site "Sochi RUS"]
[Date "2017.10.02"]
[Round "7.2"]
[White "Bivol, Alina"]
[Black "Kabanova, Ekaterina"]
[Result "1/2-1/2"]
[WhiteTitle "WGM"]
[BlackTitle "WFM"]
[WhiteElo "2356"]
[BlackElo "2205"]
[WhiteFideId "4100123"]
[BlackFideId "24112917"]
[EventDate "2017.10.02"]
[EventType "blitz"]

1. Nf3 c5 2. e4 e6 3. g3 Qc7 4. Bg2 a6 5. O-O b5 6. d4 cxd4 7. Nxd4 Bb7 8. Re1
d6 9. a4 bxa4 10. c3 Nd7 11. Qxa4 Nf6 12. Nd2 Be7 13. Qc4 Qb6 14. Ra4 Rc8 15.
Qe2 O-O 16. Rb4 Qc7 17. e5 Nd5 18. exd6 Bxd6 19. Ra4 Nc5 20. Ra1 Rfe8 21. Nc4
Bf8 22. Ne5 Nd7 23. Nxd7 Qxd7 24. Nf3 Bc5 25. Bd2 Bb6 26. Red1 Qc7 27. Ne5 f6
28. Nd3 a5 29. Nf4 Nxf4 30. Bxf4 e5 31. Be3 Bxg2 32. Kxg2 Red8 33. Bxb6 Qxb6 34.
Rxd8+ Rxd8 35. Qc4+ Kh8 36. b4 axb4 37. cxb4 h5 38. Ra2 Qb7+ 39. f3 Rd4 40. Qe6
Rxb4 41. Qe8+ Kh7 42. Qxh5+ Kg8 1/2-1/2

[Event "ch-RUS Blitz Women 2017"]
[Site "Sochi RUS"]
[Date "2017.10.02"]
[Round "7.3"]
[White "Drozdova, Dina"]
[Black "Charochkina, Daria"]
[Result "1-0"]
[WhiteTitle "WIM"]
[BlackTitle "IM"]
[WhiteElo "2209"]
[BlackElo "2321"]
[WhiteFideId "4170695"]
[BlackFideId "4180917"]
[EventDate "2017.10.02"]
[EventType "blitz"]

1. e4 d5 2. d3 Nf6 3. Nd2 b6 4. g3 Bb7 5. Bg2 e6 6. Qe2 Bc5 7. Ngf3 O-O 8. O-O
Nc6 9. e5 Nd7 10. Nb3 Be7 11. h4 a5 12. Bf4 a4 13. Nbd2 a3 14. b3 Bb4 15. Rad1
Re8 16. Nb1 Ba6 17. c3 Bf8 18. Rfe1 Nc5 19. b4 Na4 20. Qc2 Nb2 21. Rd2 d4 22.
Nxa3 Nxd3 23. Red1 Nxf4 24. gxf4 d3 25. Qb2 Qe7 26. Nb1 Bc4 27. Na3 b5 28. Ng5
Qd7 29. Nxc4 bxc4 30. b5 Ne7 31. Qb4 Nf5 32. Qxc4 Nxh4 33. Rxd3 Qc8 34. Bxa8
Qxa8 35. Qe4 Qxe4 36. Nxe4 Ra8 37. R1d2 h5 38. Kh2 Nf5 39. Rd8 Ra4 40. f3 Ne3
41. Re8 Nd5 42. Rc2 f6 43. exf6 gxf6 44. c4 Nxf4 45. Nxf6+ Kf7 46. Rxf8+ Kxf8
47. Ne4 Ra3 48. Kg3 e5 49. Rd2 Ke7 50. c5 Re3 51. b6 cxb6 52. cxb6 Re1 53. Rb2
Rg1+ 54. Kh2 Rg8 55. b7 Rb8 56. Nc5 Ne6 57. Na6 1-0

[Event "ch-RUS Blitz Women 2017"]
[Site "Sochi RUS"]
[Date "2017.10.02"]
[Round "7.4"]
[White "Bodnaruk, Anastasia"]
[Black "Nebolsina, Vera"]
[Result "1-0"]
[WhiteTitle "IM"]
[BlackTitle "WGM"]
[WhiteElo "2432"]
[BlackElo "2220"]
[WhiteFideId "4181751"]
[BlackFideId "4163591"]
[EventDate "2017.10.02"]
[EventType "blitz"]

1. e4 c5 2. Nf3 d6 3. d4 cxd4 4. Nxd4 Nf6 5. Nc3 a6 6. h3 e5 7. Nde2 h5 8. g3
Be6 9. Bg2 Be7 10. Nd5 Bxd5 11. exd5 Nbd7 12. O-O Rc8 13. Be3 O-O 14. a4 Qc7 15.
c3 Nb6 16. b3 Nbd7 17. a5 Nc5 18. c4 e4 19. Nf4 Rfe8 20. Nxh5 Nxh5 21. Qxh5 Bf6
22. Ra3 Bb2 23. Ra2 Bf6 24. Qd1 Qe7 25. h4 Nd3 26. Rd2 Bc3 27. Ra2 Nb4 28. Ra4
Nd3 29. c5 Nb2 30. Qc2 Nxa4 31. bxa4 Bxa5 32. c6 bxc6 33. dxc6 d5 34. Rc1 Bc7
35. Bh3 Rb8 36. Bd4 Qb4 37. Bc5 Qb2 38. Qxb2 Rxb2 39. Bd7 Ra8 40. Rd1 Ra2 41.
Rxd5 Rxa4 42. Rd1 Rc4 43. Ba3 a5 44. Rb1 a4 45. Ra1 Be5 46. Ra2 g6 47. Kg2 Kg7
48. Be7 f6 49. Ba3 Kf7 50. Rd2 Bc3 51. Rc2 f5 52. Kf1 Rb8 53. Bd6 Rb3 54. c7
Rxc7 55. Bxc7 a3 56. Bc6 Ke7 57. Bd5 Rb1+ 58. Kg2 Bb2 59. Ba5 Ra1 60. Bb4+ Kf6
61. Bg8 Bd4 62. Rc6+ Kg7 63. Bd5 Bb2 64. Ra6 Kh7 65. Ra7+ Kh6 66. Bf8+ Kh5 67.
Rh7+ Kg4 68. f3+ 1-0

[Event "ch-RUS Blitz Women 2017"]
[Site "Sochi RUS"]
[Date "2017.10.02"]
[Round "7.5"]
[White "Pogonina, Natalija"]
[Black "Bykova, Anastasia"]
[Result "0-1"]
[WhiteTitle "WGM"]
[BlackTitle "WFM"]
[WhiteElo "2466"]
[BlackElo "2234"]
[WhiteFideId "4147855"]
[BlackFideId "4164970"]
[EventDate "2017.10.02"]
[EventType "blitz"]

1. d4 d5 2. c4 c6 3. e3 Nf6 4. Nc3 g6 5. Nf3 Bg7 6. Be2 O-O 7. O-O Bg4 8. cxd5
cxd5 9. Qb3 Bc8 10. Ne5 Nc6 11. f4 e6 12. Bd2 Nxe5 13. fxe5 Nd7 14. e4 dxe4 15.
Nxe4 Nb6 16. Nd6 Bd7 17. Nxb7 Qc7 18. Nd6 Bc6 19. Rac1 Qd7 20. Bf3 Bxf3 21. Qxf3
Nc8 22. Bb4 Nxd6 23. Bxd6 Rfc8 24. h3 Bf8 25. Bxf8 Kxf8 26. Kh2 Kg8 27. Rc3 Rab8
28. Rfc1 Rf8 29. Qf2 Rb4 30. Rc4 Qb5 31. b3 Rd8 32. R1c2 Qb6 33. Rxb4 Qxb4 34.
Rc7 Rf8 35. Rxa7 f6 36. exf6 Qb8+ 0-1

[Event "ch-RUS Blitz Women 2017"]
[Site "Sochi RUS"]
[Date "2017.10.02"]
[Round "7.6"]
[White "Kashlinskaya, Alina"]
[Black "Garifullina, Leya"]
[Result "0-1"]
[WhiteTitle "IM"]
[BlackTitle "WCM"]
[WhiteElo "2455"]
[BlackElo "1936"]
[WhiteFideId "4198026"]
[BlackFideId "34127035"]
[EventDate "2017.10.02"]
[EventType "blitz"]

1. d4 Nf6 2. c4 e6 3. Nc3 Bb4 4. e3 O-O 5. Bd3 c5 6. Nf3 d5 7. O-O Nc6 8. a3
Bxc3 9. bxc3 b6 10. a4 Ba6 11. cxd5 Bxd3 12. Qxd3 exd5 13. dxc5 bxc5 14. c4 Rb8
15. Ba3 Nb4 16. Qe2 Re8 17. cxd5 Qxd5 18. Rfd1 Qb3 19. Nd2 Qe6 20. Nc4 Ne4 21.
Bb2 Nd5 22. Rac1 Rb4 23. Qd3 Nb6 24. Nxb6 Rxb2 25. Nd7 Nxf2 26. Qf1 Nxd1 27.
Rxd1 Qxe3+ 28. Kh1 Qe2 29. Nxc5 Qxf1+ 30. Rxf1 Ree2 31. Nd3 Rbd2 32. Nb4 Rxg2
33. Rc1 Rxh2+ 34. Kg1 g6 35. Nc6 Rc2 36. Rd1 Rhg2+ 37. Kh1 Rgd2 38. Rxd2 Rxd2
39. Nxa7 Ra2 0-1

[Event "ch-RUS Blitz Women 2017"]
[Site "Sochi RUS"]
[Date "2017.10.02"]
[Round "7.7"]
[White "Travkina, Anastasia"]
[Black "Nechaeva, Marina"]
[Result "0-1"]
[WhiteTitle "WFM"]
[BlackTitle "IM"]
[WhiteElo "2221"]
[BlackElo "2431"]
[WhiteFideId "24129151"]
[BlackFideId "4149351"]
[EventDate "2017.10.02"]
[EventType "blitz"]

1. e4 c5 2. Nf3 d6 3. d4 cxd4 4. Nxd4 Nf6 5. Nc3 a6 6. Bg5 e6 7. f4 Qb6 8. Qd3
Qxb2 9. Rb1 Qa3 10. f5 Qa5 11. Bd2 Qc7 12. Be2 e5 13. Nf3 Be7 14. O-O Nbd7 15.
Bg5 Rb8 16. a4 b6 17. Kh1 Bb7 18. Nd5 Bxd5 19. exd5 e4 20. Qxa6 exf3 21. Rxf3
O-O 22. Rh3 Nc5 23. Qc4 Nfe4 24. Bf4 Nf2+ 0-1

[Event "ch-RUS Blitz Women 2017"]
[Site "Sochi RUS"]
[Date "2017.10.02"]
[Round "7.8"]
[White "Vasilevich, Tatjana"]
[Black "Semenova, Elena1"]
[Result "1-0"]
[WhiteTitle "IM"]
[BlackTitle "WIM"]
[WhiteElo "2360"]
[BlackElo "2256"]
[WhiteFideId "14101610"]
[BlackFideId "24125148"]
[EventDate "2017.10.02"]
[EventType "blitz"]

1. d4 Nf6 2. c4 b6 3. Nc3 Bb7 4. d5 e6 5. a3 Bd6 6. Nf3 c6 7. e4 e5 8. Be2 O-O
9. O-O a5 10. Bg5 Na6 11. Qc2 h6 12. Bh4 g5 13. Bg3 Qe7 14. Rad1 Rad8 15. Qd2
Nh7 16. h4 f6 17. Nh2 Nc7 18. Bg4 Ne8 19. Bf5 Ng7 20. Bg6 h5 21. Nf3 g4 22. Qh6
Ne8 23. Nh2 Qg7 24. Qxh5 f5 25. Bxh7+ Qxh7 26. Qg5+ Ng7 27. exf5 Qxf5 28. Nxg4
Qxg5 29. hxg5 Nf5 30. Bxe5 Bxe5 31. Nxe5 Ba6 32. dxc6 dxc6 33. b3 Nd4 34. b4
axb4 35. axb4 Rfe8 36. Rfe1 Nc2 37. Rxd8 Rxd8 38. Nxc6 Rd2 39. Re2 Rxe2 40. Nxe2
Bxc4 41. Ned4 Ne1 42. Ne5 Bd5 43. f3 Ba2 44. Kf2 1-0

[Event "ch-RUS Blitz Women 2017"]
[Site "Sochi RUS"]
[Date "2017.10.02"]
[Round "7.9"]
[White "Belova, Olga"]
[Black "Bezgodova, Svetlana"]
[Result "0-1"]
[WhiteTitle "WFM"]
[BlackTitle "WIM"]
[WhiteElo "2094"]
[BlackElo "2060"]
[WhiteFideId "4138422"]
[BlackFideId "4110650"]
[EventDate "2017.10.02"]
[EventType "blitz"]

1. d4 Nf6 2. Nc3 c5 3. d5 e5 4. e4 d6 5. Nf3 Be7 6. Bb5+ Nbd7 7. O-O O-O 8. a4
a6 9. Be2 Ne8 10. Ne1 Bg5 11. f4 exf4 12. Nd3 Rb8 13. a5 Ne5 14. Nxf4 g6 15. Qe1
b5 16. axb6 Rxb6 17. Kh1 Bf6 18. Nd3 Qe7 19. Bh6 Ng7 20. Qf2 Nxd3 21. Bxd3 Bd4
22. Qd2 Rxb2 23. Ne2 Be5 24. Bxa6 Bxa6 25. Rxa6 Qh4 26. g3 Qxe4+ 27. Kg1 Rxc2
28. Qe3 Qxe3+ 29. Bxe3 Rxe2 30. Bg5 Re8 31. Ra7 f5 32. Rb1 Bd4+ 33. Kf1 Rxh2 0-1

[Event "ch-RUS Blitz Women 2017"]
[Site "Sochi RUS"]
[Date "2017.10.02"]
[Round "7.10"]
[White "Ubiennykh, Ekaterina"]
[Black "Belenkaya, Dina"]
[Result "1-0"]
[WhiteTitle "WIM"]
[BlackTitle "WGM"]
[WhiteElo "2308"]
[BlackElo "2346"]
[WhiteFideId "4137582"]
[BlackFideId "24142654"]
[EventDate "2017.10.02"]
[EventType "blitz"]

1. d4 d5 2. c4 dxc4 3. e3 Nf6 4. Bxc4 e6 5. Nf3 a6 6. O-O c5 7. dxc5 Bxc5 8.
Qxd8+ Kxd8 9. Rd1+ Ke7 10. Be2 Nbd7 11. Nbd2 b6 12. Nb3 Bd6 13. Bd2 Bb7 14. Bc3
Rhd8 15. Nfd2 Nc5 16. f3 Nxb3 17. Nxb3 g6 18. Kf2 Nd5 19. Be1 e5 20. Bc4 Bc5 21.
Nxc5 bxc5 22. Ba5 Rd7 23. e4 Nf6 24. Rxd7+ Nxd7 25. Rd1 Bc6 26. Ke3 Rb8 27. Rd2
Bb5 28. Bd5 Nf6 29. Bc7 Nxd5+ 30. Rxd5 Rb7 31. Bxe5 Bc4 32. Rxc5 Bxa2 33. Rc6
Ra7 34. Bd4 Ra8 35. f4 Be6 36. Rc7+ Bd7 37. Rb7 Kd6 38. h3 h5 39. Rb6+ Ke7 40.
Kf3 Bb5 41. g4 hxg4+ 42. hxg4 Rc8 43. Rb7+ Ke8 44. f5 gxf5 45. gxf5 Rc1 46. Kf4
Bd3 47. Ke3 Bc4 48. e5 Re1+ 49. Kd2 Rf1 50. f6 Kd8 51. Kc3 Rc1+ 52. Kb4 Be6 53.
Ka5 Ra1+ 54. Kb6 Kc8 55. Rc7+ Kb8 56. Re7 Ra4 57. Re8+ Bc8 58. Bc5 Rc4 59. e6
Rxc5 60. Kxc5 fxe6 61. f7 Kb7 62. f8=Q 1-0

[Event "ch-RUS Blitz Women 2017"]
[Site "Sochi RUS"]
[Date "2017.10.02"]
[Round "7.11"]
[White "Maltsevskaya, Aleksandra"]
[Black "Ambartsumova, Karina"]
[Result "0-1"]
[BlackTitle "WGM"]
[WhiteElo "2260"]
[BlackElo "2359"]
[WhiteFideId "24174041"]
[BlackFideId "4166299"]
[EventDate "2017.10.02"]
[EventType "blitz"]

1. e4 c5 2. Nf3 Nc6 3. d4 cxd4 4. Nxd4 Qb6 5. Nb3 Nf6 6. Nc3 e6 7. Be3 Qc7 8.
Bd3 Bb4 9. O-O Bxc3 10. bxc3 d5 11. exd5 Nxd5 12. Bd4 Nxd4 13. cxd4 O-O 14. Qf3
Bd7 15. c4 Nf6 16. Rac1 Rfd8 17. Rfd1 Bc6 18. Qh3 Qf4 19. Qe3 Qg4 20. f3 Qh5 21.
Bb1 Rac8 22. Qf4 a5 23. Nc5 b6 24. Ne4 Nxe4 25. fxe4 Ba4 26. Rd3 e5 27. Qf2 exd4
28. Rh3 Qe5 29. Bd3 Bd7 30. Rg3 Be6 31. Rf1 Rc7 32. h4 h6 33. Rf3 Rdc8 34. Rc1
b5 35. Bf1 bxc4 36. Rd1 d3 37. Re3 Bg4 38. Rc1 Qd4 39. Kh2 d2 0-1

[Event "ch-RUS Blitz Women 2017"]
[Site "Sochi RUS"]
[Date "2017.10.02"]
[Round "7.12"]
[White "Tomilova, Elena"]
[Black "Shaydullina, Sandugach"]
[Result "1-0"]
[WhiteTitle "WIM"]
[BlackTitle "WGM"]
[WhiteElo "2307"]
[BlackElo "2185"]
[WhiteFideId "4162340"]
[BlackFideId "4140389"]
[EventDate "2017.10.02"]
[EventType "blitz"]

1. d4 f5 2. Nc3 Nf6 3. Bg5 d5 4. Bxf6 exf6 5. e3 c6 6. Bd3 g6 7. h4 h5 8. Nh3
Bh6 9. Ne2 Be6 10. Nhf4 Bf7 11. Qd2 Nd7 12. b3 b5 13. a4 a6 14. g3 O-O 15. O-O
Kh8 16. Rfc1 g5 17. Ng2 Be6 18. c4 bxc4 19. bxc4 Nb6 20. c5 Nc8 21. Rab1 Qc7 22.
Qb2 Rf7 23. Qc2 Ne7 24. Rb6 a5 25. Rcb1 Bc8 26. Qb3 Rf8 27. Rb8 Rxb8 28. Qxb8
Qd7 29. Qb6 Ng6 30. Qxa5 gxh4 31. gxh4 Rg8 32. Kf1 f4 33. Nexf4 Nxf4 34. exf4
Qh3 35. Ke2 Qxg2 36. Qc7 Re8+ 37. Kd2 Bxf4+ 38. Qxf4 Qg7 39. Kc3 f5 40. Rb8 Rg8
41. Qe5 Qxe5 42. dxe5 Kg7 43. a5 f4 44. a6 d4+ 45. Kxd4 Rd8+ 46. Kc3 Rxd3+ 47.
Kxd3 Bxa6+ 48. Ke4 Bc4 49. Kxf4 Bd5 50. Kf5 Bf3 51. Rb7+ Kg8 52. e6 Bg4+ 53. Kf6
Kh8 54. e7 1-0

[Event "ch-RUS Blitz Women 2017"]
[Site "Sochi RUS"]
[Date "2017.10.02"]
[Round "8.1"]
[White "Voit, Daria"]
[Black "Goryachkina, Aleksandra"]
[Result "1/2-1/2"]
[WhiteTitle "FM"]
[BlackTitle "WGM"]
[WhiteElo "2387"]
[BlackElo "2478"]
[WhiteFideId "4182146"]
[BlackFideId "4147103"]
[EventDate "2017.10.02"]
[EventType "blitz"]

1. d4 d5 2. c4 e6 3. Nf3 Nf6 4. g3 Bb4+ 5. Bd2 Be7 6. Bg2 O-O 7. O-O Nbd7 8. Qc2
c6 9. a4 a5 10. Rc1 b6 11. Be1 Ba6 12. Nbd2 Rc8 13. e3 c5 14. dxc5 Nxc5 15. Nd4
h6 16. Bf1 dxc4 17. Nxc4 Nd5 18. Qd1 Bf6 19. Bg2 Bxd4 20. exd4 Bxc4 21. Rxc4 Nb7
22. Rac1 Rxc4 23. Rxc4 Nd6 24. Rc6 Nf5 25. Bc3 Nfe7 26. Rc4 Qd7 27. Qb3 Rc8 28.
Rxc8+ Qxc8 29. Qb5 h5 30. h4 Qd8 31. Bf3 Nf6 32. Kg2 Ned5 33. Bd2 Qd6 34. Bg5 g6
35. Qc4 Kg7 36. Qc8 Qd7 37. Qb8 Qc7 38. Qa8 Qc2 39. Bxd5 Nxd5 40. Bh6+ Kf6 41.
Qd8+ Kf5 42. Qg5+ Ke4 43. Qe5+ Kd3 44. Be3 Nxe3+ 45. Qxe3+ Kc4 46. Qf4 Qf5 47.
Qc7+ Kxd4 48. Qxb6+ Kc4 49. Qc7+ Kb4 50. Qc3+ Kxa4 51. b3+ Kb5 52. Qc4+ Kb6 53.
Qd4+ Kc6 54. Qa4+ Kc7 55. Qc4+ Kd7 56. Kg1 Qd5 57. Qc3 Ke7 58. Qc7+ Kf6 59. Qc3+
Qe5 60. Qf3+ Kg7 61. Qb7 Qc3 62. Qb6 Qb4 63. Qe3 a4 64. bxa4 Qxa4 65. Qe5+ Kh7
66. Qc7 Kg8 67. Qd8+ Kg7 68. Qc7 Qa1+ 69. Kg2 Qd4 70. Kg1 Qd5 71. Qe7 e5 72. Qg5
Qd4 73. Qe7 Qd1+ 74. Kg2 Qd5+ 75. Kg1 e4 76. Qe8 Qd1+ 77. Kg2 Qf3+ 78. Kg1 e3
79. Qxe3 Qxe3 80. fxe3 Kf6 81. Kf2 Ke5 82. Kf3 f6 83. e4 f5 84. exf5 Kxf5 85.
Kf2 Kg4 86. Kg2 g5 87. hxg5 Kxg5 88. Kh3 Kg6 89. g4 hxg4+ 1/2-1/2

[Event "ch-RUS Blitz Women 2017"]
[Site "Sochi RUS"]
[Date "2017.10.02"]
[Round "8.2"]
[White "Kabanova, Ekaterina"]
[Black "Bivol, Alina"]
[Result "1-0"]
[WhiteTitle "WFM"]
[BlackTitle "WGM"]
[WhiteElo "2205"]
[BlackElo "2356"]
[WhiteFideId "24112917"]
[BlackFideId "4100123"]
[EventDate "2017.10.02"]
[EventType "blitz"]

1. c4 Nf6 2. Nf3 g6 3. e3 Bg7 4. Be2 O-O 5. O-O d6 6. Qc2 e5 7. d3 b6 8. Nbd2
Bb7 9. h3 Nbd7 10. Rb1 a5 11. b3 Re8 12. a3 e4 13. dxe4 Nxe4 14. Bb2 Ndf6 15.
Bd3 Nxd2 16. Nxd2 Qd7 17. b4 axb4 18. axb4 d5 19. c5 bxc5 20. bxc5 Bc6 21. Nf3
Qe7 22. Ra1 Rab8 23. Bd4 Ne4 24. Bxg7 Kxg7 25. Rfc1 Bd7 26. c6 Bc8 27. Ra7 Rb6
28. Nd4 Qg5 29. Bxe4 dxe4 30. Kf1 Re7 31. Qc3 Qf6 32. Kg1 h5 33. Ra8 Be6 34.
Nf5+ Bxf5 35. Rg8+ Kxg8 36. Qxf6 Re8 37. Rd1 Rbb8 38. Rd5 Be6 39. Rg5 Rbd8 40.
Ra5 Rd6 41. Qc3 Bd5 42. Rc5 Ree6 43. Ra5 Re8 44. Ra6 Kh7 45. Kh2 Kg8 46. g4 hxg4
47. hxg4 g5 48. Kg3 Kh7 49. Ra1 Kg6 50. Ra7 Rxc6 51. Qd4 Rd8 52. Qe5 Be6 53.
Rxc7 Rd5 54. Qxe4+ 1-0

[Event "ch-RUS Blitz Women 2017"]
[Site "Sochi RUS"]
[Date "2017.10.02"]
[Round "8.3"]
[White "Charochkina, Daria"]
[Black "Drozdova, Dina"]
[Result "0-1"]
[WhiteTitle "IM"]
[BlackTitle "WIM"]
[WhiteElo "2321"]
[BlackElo "2209"]
[WhiteFideId "4180917"]
[BlackFideId "4170695"]
[EventDate "2017.10.02"]
[EventType "blitz"]

1. d4 g6 2. Bf4 Bg7 3. Nc3 d6 4. Qd2 c6 5. h4 h5 6. O-O-O Nd7 7. e4 Qa5 8. Nf3
b5 9. Kb1 b4 10. Ne2 Ba6 11. e5 d5 12. e6 fxe6 13. Ng3 Bxf1 14. Rhxf1 e5 15.
Nxe5 Nxe5 16. Bxe5 Bxe5 17. dxe5 O-O-O 18. Qd3 Qb6 19. Qxg6 Nh6 20. Nxh5 Kb8 21.
Nf4 Rdg8 22. Qd3 Ng4 23. Qe2 Rxh4 24. g3 Rhh8 25. Nd3 Rh2 26. Qf3 Rhh8 27. Rh1
Rxh1 28. Rxh1 Qc7 29. Qf7 Rc8 30. Qf5 Rg8 31. b3 Qc8 32. e6 Nf6 33. Ne5 Qc7 34.
Rh6 Re8 35. g4 Ne4 36. Nd7+ Ka8 37. Rh1 Nc3+ 38. Kb2 Qa5 39. a4 bxa3+ 40. Ka1
Ne4 41. Qe5 Qd2 42. Rb1 Qxc2 43. Qd4 Qxf2 44. Qxf2 Nxf2 45. g5 Rg8 46. Rf1 Ne4
47. Rf7 Nxg5 48. Rxe7 Ne4 49. Ne5 Nc3 50. Ng6 Rxg6 0-1

[Event "ch-RUS Blitz Women 2017"]
[Site "Sochi RUS"]
[Date "2017.10.02"]
[Round "8.4"]
[White "Nebolsina, Vera"]
[Black "Bodnaruk, Anastasia"]
[Result "0-1"]
[WhiteTitle "WGM"]
[BlackTitle "IM"]
[WhiteElo "2220"]
[BlackElo "2432"]
[WhiteFideId "4163591"]
[BlackFideId "4181751"]
[EventDate "2017.10.02"]
[EventType "blitz"]

1. e4 c5 2. Nf3 d6 3. d4 cxd4 4. Nxd4 Nf6 5. Nc3 a6 6. Be2 e5 7. Nf3 Be7 8. Bg5
Nbd7 9. a4 O-O 10. O-O b6 11. Nd2 Bb7 12. f3 d5 13. exd5 Nxd5 14. Bxe7 Qxe7 15.
Nxd5 Bxd5 16. Ne4 Bxe4 17. fxe4 Nc5 18. Bf3 a5 19. Qe2 Rad8 20. b3 Ne6 21. Bg4
Nd4 22. Qf2 g6 23. Rae1 Rd6 24. Bd1 Rc6 25. Qg3 Nxc2 26. Bxc2 Rxc2 27. Kh1 Rfc8
28. Qe3 Qe6 29. Rf3 Rb2 30. h3 Rcc2 31. Qg5 Rxg2 32. Qxg2 Rxg2 33. Kxg2 Qc6 34.
Rfe3 f5 35. Kh2 f4 36. R3e2 Qc3 37. Rg1 Qxb3 38. Rd2 Qe3 39. Rd8+ Kg7 40. Rd7+
Kh6 41. Rb7 Qxe4 0-1

[Event "ch-RUS Blitz Women 2017"]
[Site "Sochi RUS"]
[Date "2017.10.02"]
[Round "8.5"]
[White "Bykova, Anastasia"]
[Black "Pogonina, Natalija"]
[Result "0-1"]
[WhiteTitle "WFM"]
[BlackTitle "WGM"]
[WhiteElo "2234"]
[BlackElo "2466"]
[WhiteFideId "4164970"]
[BlackFideId "4147855"]
[EventDate "2017.10.02"]
[EventType "blitz"]

1. d4 Nf6 2. Nf3 d5 3. Bf4 e6 4. c3 Bd6 5. Bg3 O-O 6. Nbd2 b6 7. e3 Bb7 8. Bd3
c5 9. O-O Nc6 10. a4 Bxg3 11. hxg3 Qd6 12. Qe2 e5 13. dxe5 Nxe5 14. Nxe5 Qxe5
15. Nf3 Qe7 16. a5 Ne4 17. Rfd1 h6 18. Ba6 Nf6 19. Qb5 Qc7 20. Bxb7 Qxb7 21. a6
Qc7 22. Rd2 Rac8 23. Rad1 Qe7 24. Qa4 Qe6 25. Qa2 b5 26. Qa3 Qb6 27. Ne5 Rfe8
28. Nd3 Ne4 29. Re2 Red8 30. Nf4 Qc6 31. Qa2 c4 32. Kh2 g5 33. Nh5 Qg6 34. g4
Rc6 35. Qa3 Rxa6 36. Qe7 Qd6+ 37. Qxd6 Rdxd6 38. f3 Nc5 39. Red2 Nd3 40. b3 Ra3
41. bxc4 dxc4 42. Rc2 Rb3 43. Ng3 Ra6 44. Ne4 Kg7 45. Kg3 Rb6 46. Nf2 Nxf2 47.
Kxf2 a5 48. Ra1 a4 49. Ke2 a3 50. Kd2 Rd6+ 51. Kc1 Rd3 52. e4 Rdxc3 53. Kd2 b4
54. Rxc3 Rxc3 55. Rb1 Rd3+ 56. Ke2 a2 0-1

[Event "ch-RUS Blitz Women 2017"]
[Site "Sochi RUS"]
[Date "2017.10.02"]
[Round "8.6"]
[White "Garifullina, Leya"]
[Black "Kashlinskaya, Alina"]
[Result "1-0"]
[WhiteTitle "WCM"]
[BlackTitle "IM"]
[WhiteElo "1936"]
[BlackElo "2455"]
[WhiteFideId "34127035"]
[BlackFideId "4198026"]
[EventDate "2017.10.02"]
[EventType "blitz"]

1. e4 Nf6 2. e5 Nd5 3. d4 d6 4. c4 Nb6 5. exd6 cxd6 6. Nc3 g6 7. Be3 Bg7 8. Rc1
Nc6 9. b3 O-O 10. d5 Ne5 11. Be2 e6 12. f4 Ned7 13. dxe6 Nf6 14. exf7+ Rxf7 15.
Nf3 Re7 16. Bd4 Bg4 17. O-O Qf8 18. h3 Bf5 19. Bd3 Rae8 20. Qc2 Nh5 21. Bxf5
gxf5 22. Bxg7 Rxg7 23. Nd4 Ng3 24. Rf2 Qf6 25. Qd3 h5 26. Nde2 h4 27. Nxg3 Rxg3
28. Nd5 Qg7 29. Qd2 Rxh3 30. Nxb6 axb6 31. Qd5+ Kh8 32. Qxf5 Rg3 33. Qh5+ Qh7
34. Qxe8+ Rg8 35. Qe6 h3 36. Qf6+ Rg7 37. Re1 Qg8 38. Re7 1-0